Endocrinología ginecológica e infertilidad / (Record no. 145466)

MARC details
000 -LEADER
campo de control de longitud fija 00669nam a2200205 4500
001 - NÚMERO DE CONTROL
campo de control 145466
003 - IDENTIFICADOR DE NÚMERO DE CONTROL
campo de control ES-MaACL
005 - FECHA Y HORA DE LA ÚLTIMA TRANSACCIÓN
campo de control 20230906201235.0
007 - CAMPO FIJO DE DESCRIPCIÓN FÍSICA--INFORMACIÓN GENERAL
campo de control de longitud fija t|
008 - DATOS DE LONGITUD FIJA--INFORMACIÓN GENERAL
campo de control de longitud fija 070214s1980 sp r ||||1| spa d
100 1# - ENTRADA PRINCIPAL--NOMBRE DE PERSONA
Nombre de persona Speroff, Leon.
9 (RLIN) 107706
245 10 - MENCIÓN DEL TÍTULO
Título Endocrinología ginecológica e infertilidad /
Mención de responsabilidad, etc. Leon Speroff, Robert H. Glass, Nathan G. Case ; versión de A. Jornet Cases.
250 ## - MENCION DE EDICION
Mención de edición 2ª. ed. corr. y aum.
260 ## - PUBLICACIÓN, DISTRIBUCIÓN, ETC.
Lugar de publicación, distribución, etc. Barcelona :
Nombre del editor, distribuidor, etc. Toray,
Fecha de publicación, distribución, etc. 1980.
300 ## - DESCRIPCIÓN FÍSICA
Extensión VIII, 438 p. :
Otras características físicas il. ;
Dimensiones 26 cm.
700 1# - ENTRADA AGREGADA--NOMBRE PERSONAL
Nombre de persona Glass, Robert H.
9 (RLIN) 57405
700 1# - ENTRADA AGREGADA--NOMBRE PERSONAL
Nombre de persona Case, Nathan G.
9 (RLIN) 36280
700 1# - ENTRADA AGREGADA--NOMBRE PERSONAL
Nombre de persona Jornet Cases, A.
9 (RLIN) 66960
852 ## - LOCALIZACIÓN
Ubicación ES-MaACL
Número de control de estantería L-3267
Sublocalización o colección R.103533
Holdings
Estatus retirado Estado de pérdida Estado de daño No para préstamo Biblioteca de origen Biblioteca actual Ubicación en estantería Fecha de adquisición Fuente de adquisición Total de préstamos Signatura topográfica completa Código de barras Visto por última vez Precio de reemplazo Tipo de ítem Koha
        Biblioteca del Ateneo de Madrid Biblioteca del Ateneo de Madrid Depósito 2 17/01/2008     L-3267 1151842 23/02/2023 23/02/2023 Libro impreso